Vrutthasastram (Record no. 96813)

MARC details
000 -LEADER
fixed length control field 00407nam a2200145Ia 4500
008 - FIXED-LENGTH DATA ELEMENTS--GENERAL INFORMATION
fixed length control field 211118s9999||||xx |||||||||||||| ||und||
082 ## - DEWEY DECIMAL CLASSIFICATION NUMBER
Classification number 894.81205
Item number MAT-V
100 ## - MAIN ENTRY--PERSONAL NAME
Personal name Mathew, T V
245 #0 - TITLE STATEMENT
Title Vrutthasastram
260 ## - PUBLICATION, DISTRIBUTION, ETC.
Name of publisher, distributor, etc. State Institute of Languages
Place of publication, distribution, etc. Thiruvanathapuram
Date of publication, distribution, etc. 1996
300 ## - PHYSICAL DESCRIPTION
Extent 366p
630 ## - SUBJECT ADDED ENTRY--UNIFORM TITLE
General subdivision General Stack
650 ## - SUBJECT ADDED ENTRY--TOPICAL TERM
Topical term or geographic name entry element Malayalam Literature
942 ## - ADDED ENTRY ELEMENTS (KOHA)
Koha item type BOOK
650 ## - SUBJECT ADDED ENTRY--TOPICAL TERM
Form subdivision Malayalam GrammarMalayalam
Holdings
Withdrawn status Lost status Damaged status Not for loan Home library Current library Date acquired Cost, normal purchase price Total Checkouts Full call number Barcode Shelving location Date last seen Price effective from Koha item type
        SB LIBRARY SB LIBRARY 18/11/2021 60.00   894.81205 MAT-V 00102114 GENERAL STACK 18/11/2021 18/11/2021 BOOK

Powered by Koha